00602cam a22002171 4500001001300000003000400013005001700017008004100034010001700075025001900092035002000111040002500131050001700156100003100173245004000204260003900244300002400283504002800307650003200335999001700367sa 67004253 DLC20260227112345.0870630s1966 ii b 000 0 eng  asa 67004253  aPL480:I-E-7489 a(OCoLC)16107396 aDLCcCLUdOCoLCdDLC00aLB1028b.S181 aSamant, Dattatraya Govind.14aThe making of educational research. aBombay,bPopular Prakashanc[1966] aviii, 92 p.c23 cm. aBibliography: p. 89-90. 0aEducationxResearchzIndia. c74338d74338